Institutiones theologiae dogmaticae in usum scholarum : De Deo uno et trino, De Deo creante et elevante /

Guardado en:
Detalles Bibliográficos
Autor principal: Lercher, Ludovicus (autor)
Formato: Libro
Idioma:latín
Edición:5a edición
Temas:
Etiquetas: Agrega una etiqueta
Sin etiquetas, Sé el primero en etiquetar este registro!

MARC

LEADER 00000nam^a2200000^a^4500
001 000259617
005 20250521000000.0
009 20260310110411.073
037 |a Acervo Xavier Clavigero 
041 |a LAT 
082 |a 230.  |b LER V. 2 
100 |a Lercher, Ludovicus  |e (autor) 
240 1 1 |a [Institutiones theologiae dogmaticae in usum scholarum] 
245 1 0 |a Institutiones theologiae dogmaticae in usum scholarum :  |b De Deo uno et trino, De Deo creante et elevante /  |c L. Lercher. 
250 |a 5a edición 
264 |a Barcelona, España :  |b Herder,  |c 1951 
300 |a 481 p. 
336 |a texto  |b txt  |2 rdacontenido 
337 |a sin mediación  |b n  |2 rdamedio 
338 |a volumen  |b nc  |2 rdasoporte 
649 |a XX 
650 |a Dios 
650 |a Trinidad 
650 |a Creación 
650 |a Teología Doctrinal 
650 |a Iglesia Católica 
650 |a Catolicismo 
650 |a Cristianismo 
650 |a Religión 
740 0 |a De Deo uno et trino /  |c L. Lercher. 
740 0 |a De Deo creante et elevante /  |c L. Lercher. 
910 |a Fondo General 
920 |a Impresos - Libros 
930 |a Colección General 
905 |a 101 
901 |a 001675  |b IT1  |c ACC  |u 20250521 
901 |a 0500120266  |b IT1  |c ACC  |u 20250521 
902 |a https://opac.biblio.iteso.mx/vufind/Record/000259617